Catholic University of Zimbabwe Library
Online Public Access Catalogue
(OPAC)

Fictions of Evidence (Record no. 24350)

MARC details
000 -LEADER
fixed length control field 02086cam a22005174a 4500
001 - CONTROL NUMBER
control field muse29390
003 - CONTROL NUMBER IDENTIFIER
control field MdBmJHUP
005 - DATE AND TIME OF LATEST TRANSACTION
control field 20210127151026.0
006 - FIXED-LENGTH DATA ELEMENTS--ADDITIONAL MATERIAL CHARACTERISTICS
fixed length control field m o d
007 - PHYSICAL DESCRIPTION FIXED FIELD--GENERAL INFORMATION
fixed length control field cr||||||||nn|n
008 - FIXED-LENGTH DATA ELEMENTS--GENERAL INFORMATION
fixed length control field 121221s2013 ohu o 00 0 eng d
010 ## - LIBRARY OF CONGRESS CONTROL NUMBER
Canceled/invalid LC control number 2012044198
020 ## - INTERNATIONAL STANDARD BOOK NUMBER
International Standard Book Number 9780814270189
020 ## - INTERNATIONAL STANDARD BOOK NUMBER
International Standard Book Number 0814270182
020 ## - INTERNATIONAL STANDARD BOOK NUMBER
Canceled/invalid ISBN 9780814212233 (cloth : alk. paper)
020 ## - INTERNATIONAL STANDARD BOOK NUMBER
Canceled/invalid ISBN 9780814293249 (cd)
020 ## - INTERNATIONAL STANDARD BOOK NUMBER
Canceled/invalid ISBN 0814212239
035 ## - SYSTEM CONTROL NUMBER
System control number (OCoLC)867740803
040 ## - CATALOGING SOURCE
Original cataloging agency MdBmJHUP
Transcribing agency MdBmJHUP
050 04 - LIBRARY OF CONGRESS CALL NUMBER
Classification number PR255
Item number .T39 2013
082 0# - DEWEY DECIMAL CLASSIFICATION NUMBER
Classification number 820.9/001
Edition number 23
100 1# - MAIN ENTRY--PERSONAL NAME
Personal name Taylor, Jamie K.,
Dates associated with a name 1975-
245 10 - TITLE STATEMENT
Title Fictions of Evidence
Remainder of title Witnessing, Literature, and Community in the Late Middle Ages /
Statement of responsibility, etc. Jamie K. Taylor.
264 #1 - PRODUCTION, PUBLICATION, DISTRIBUTION, MANUFACTURE, AND COPYRIGHT NOTICE
Name of producer, publisher, distributor, manufacturer Ohio State University Press,
264 #3 - PRODUCTION, PUBLICATION, DISTRIBUTION, MANUFACTURE, AND COPYRIGHT NOTICE
Name of producer, publisher, distributor, manufacturer Project MUSE,
300 ## - PHYSICAL DESCRIPTION
Extent 1 online resource (x, 221 p.)
490 0# - SERIES STATEMENT
Series statement Interventions: new studies in medieval culture
504 ## - BIBLIOGRAPHY, ETC. NOTE
Bibliography, etc. note Includes bibliographical references (p. 199-212) and index.
505 0# - FORMATTED CONTENTS NOTE
Formatted contents note The face of a saint and the seal of a king -- Silence, testimony, and the case of Susanna -- Neighbors, witnesses, and outlaws in the fourteenth and fifteenth centuries -- Piers Plowman, book, and the testimonial body -- Witnessing, presence, and Lollard communities.
506 0# - RESTRICTIONS ON ACCESS NOTE
Terms governing access Open Access
Standardized terminology for access restriction Unrestricted online access
Source of term star
588 ## - SOURCE OF DESCRIPTION NOTE
Source of description note Description based on print version record.
650 #0 - SUBJECT ADDED ENTRY--TOPICAL TERM
Topical term or geographic name entry element Witness bearing (Christianity)
650 #0 - SUBJECT ADDED ENTRY--TOPICAL TERM
Topical term or geographic name entry element Witnesses.
650 #0 - SUBJECT ADDED ENTRY--TOPICAL TERM
Topical term or geographic name entry element Witnesses in literature.
650 #0 - SUBJECT ADDED ENTRY--TOPICAL TERM
Topical term or geographic name entry element English literature
Chronological subdivision Middle English, 1100-1500
General subdivision History and criticism.
655 #7 - INDEX TERM--GENRE/FORM
Genre/form data or focus term Electronic books.
Source of term local
710 2# - ADDED ENTRY--CORPORATE NAME
Corporate name or jurisdiction name as entry element Project Muse.
Relator term distributor
830 #0 - SERIES ADDED ENTRY--UNIFORM TITLE
Uniform title Book collections on Project MUSE.
856 40 - ELECTRONIC LOCATION AND ACCESS
Public note Full text available:
Uniform Resource Identifier <a href="https://muse.jhu.edu/book/23957/">https://muse.jhu.edu/book/23957/</a>
945 ## - LOCAL PROCESSING INFORMATION (OCLC)
a Project MUSE - 2013 Complete
945 ## - LOCAL PROCESSING INFORMATION (OCLC)
a Project MUSE - 2013 Literature
Holdings
Withdrawn status Lost status Source of classification or shelving scheme Damaged status Not for loan Home library Current library Shelving location Date acquired Total Checkouts Full call number Date last seen Uniform Resource Identifier Price effective from Koha item type
          Digital Library Digital Library Online Access 27.01.2021   PR255 .T39 2013 27.01.2021 https://muse.jhu.edu/book/23957/ 27.01.2021 eBook

OPENING HOURS

Weekdays: 0815hrs - 1800hrs
Weekends:0900hrs - 1200hrs

Closed for Mass:

Mon, Thur: 1200hrs - 1300hrs
Sunday & Public Holiday’s

CALL SUPPORT

0242-570570, 0242-570169
09200664, +263 8644140602

LOCATION

18443, Cranborne Avenue, Hatfield, Harare

Other Links


©2021 | CUZ Library